000 00555nam a2200181 4500
999 _c189065
_d189065
005 20220610165000.0
010 _aENG-133228
020 _a978-93-93330-16-1
_c250.00
035 _aEN-116760
037 _bDBAD/PUB
082 _a513.5
100 _aCoxeter, H.S.M.
245 _aGeometry Revisited /
_cH.S.M. Coxeter & S.L. Greitzer
260 _aTelangana
_bOrient Blackswan Pvt.Ltd.
_c2022
270 _a3-6-752 Himayatngaar, Hyderabad
_bTelagana
_e500029
300 _axiv,193p.
_c21cm(pbk)
_bIndex
942 _2ddc
_cEN
_h513.5
_mCOX